000 00247nam a2200109Ia 4500
008 190216s9999||||xx |||||||||||||| ||und||
100 _aDulta
245 0 _aClass Book Of Botany
260 _bOxford University Press
650 _aBotany
942 _cBK
999 _c1017
_d1017